Подробности
| 000 -МАРКЕР |
| контрольное поле |
01590nam0a2200337 4500 |
| 001 - ИДЕНТИФИКАТОР ЗАПИСИ |
| контрольное поле |
RU\NLR\BIBL_A\011306071 |
| 005 - ИДЕНТИФИКАТОР ВЕРСИИ |
| контрольное поле |
20250626041356.0 |
| 010 ## - МЕЖДУНАРОДНЫЙ СТАНДАРТНЫЙ НОМЕР КНИГИ (ISBN) |
| Номер (ISBN) |
978-5-91835-318-9 |
| Тираж |
1000 |
| 021 ## - НОМЕР ГОСУДАРСТВЕННОЙ РЕГИСТРАЦИИ |
| Код страны |
российская федерация |
| Номер |
2016-94845 |
| Номер Листа государственной регистраци |
6284 |
| 035 ## - ДРУГИЕ СИСТЕМНЫЕ НОМЕРА |
| Идентификатор записи |
(NLR Aleph) 011306071 |
| 100 ## - ДАННЫЕ ОБЩЕЙ ОБРАБОТКИ |
| Данные общей обработки |
20170110d2016 |||y0rusy50 ca |
| 101 0# - ЯЗЫК РЕСУРСА |
| Язык текста, звукозаписи и т.д. |
английский |
| 102 ## - СТРАНА ПУБЛИКАЦИИ ИЛИ ПРОИЗВОДСТВА |
| Страна публикации |
российская федерация |
| 105 ## - ПОЛЕ КОДИРОВАННЫХ ДАННЫХ: ТЕКСТОВЫЕ МАТЕРИАЛЫ, МОНОГРАФИЧЕСКИЕ |
| Кодированные данные о монографическом текстовом документе |
y z 000zy |
| 200 1# - ЗАГЛАВИЕ И СВЕДЕНИЯ ОБ ОТВЕТСТВЕННОСТИ |
| Основное заглавие |
Energy law |
| Сведения, относящиеся к заглавию |
textbook |
| Первые сведения об ответственности |
[Romanova V. V., A. A. Ustinov, PhD, T. V. Alisova et al.] |
| Последующие сведения об ответственности |
ed. by V. V. Romanova, Dr of Law |
| -- |
Min. of education a. science of the Russ. Federation, Federal state-funded educational inst. of higer prof. education Kutafin Moscow state law univ. (MSAL), Federal state budgetary inst. of science, Inst. of state a. law of the Russ. acad. of science |
| 205 ## - СВЕДЕНИЯ ОБ ИЗДАНИИ |
| Сведения об издании |
2nd ed., rev. and updated |
| 210 ## - ПУБЛИКАЦИЯ, РАСПРОСТРАНЕНИЕ И ДР. |
| Место издания, распространения и т.д. |
Moscow |
| Имя издателя, распространителя и т. д. |
Yurist |
| Дата издания, распространения и т.д. |
2016 |
| 215 ## - ФИЗИЧЕСКАЯ ХАРАКТЕРИСТИКА |
| Специфическое обозначение материала и объем |
605 с. |
| Размеры |
25 |
| 300 ## - ОБЩИЕ ПРИМЕЧАНИЯ |
| Текст примечания |
Авт. указаны на обороте тит. л. |
| 320 ## - ПРИМЕЧАНИЯ О НАЛИЧИИ В ДОКУМЕНТЕ БИБЛИОГРАФИИ / УКАЗАТЕЛЯ |
| Текст примечания |
Библиогр.: с. 588-605 и в подстроч. примеч. |
| 541 1# - ПЕРЕВОД ЗАГЛАВИЯ, СДЕЛАННЫЙ КАТАЛОГИЗАТОРОМ |
| Заглавие |
Энергетическое право |
| 606 1# - НАИМЕНОВАНИЕ ТЕМЫ КАК ПРЕДМЕТ |
| Наименование темы |
Электроэнергетика |
| Тематический подзаголовок |
Правовое регулирование |
| Географический подзаголовок |
Российская Федерация |
| Системный номер авторитетной/нормативной записи |
2464287 |
| Идентификатор авторитетной/нормативной записи |
RU\NLR\AUTH\661464050 |
| 686 1# - ИНДЕКСЫ ДРУГИХ КЛАССИФИКАЦИЙ |
| Индекс |
Х621.142 |
| 701 #1 - ИМЯ ЛИЦА - АЛЬТЕРНАТИВНАЯ ОТВЕТСТВЕННОСТЬ |
| Начальный элемент ввода |
Romanova |
| Часть имени, кроме начального элемента ввода |
V. V. |
| Расширение инициалов личного имени |
Viktorija Valer'evna |
| Код отношения |
Автор |
| -- |
Редактор |
| 701 #1 - ИМЯ ЛИЦА - АЛЬТЕРНАТИВНАЯ ОТВЕТСТВЕННОСТЬ |
| Начальный элемент ввода |
Ustinov |
| Часть имени, кроме начального элемента ввода |
A. A. |
| Даты |
1977- |
| Расширение инициалов личного имени |
Anton Alekseevič |
| 701 #1 - ИМЯ ЛИЦА - АЛЬТЕРНАТИВНАЯ ОТВЕТСТВЕННОСТЬ |
| Начальный элемент ввода |
Alisova |
| Часть имени, кроме начального элемента ввода |
T. V. |
| Расширение инициалов личного имени |
Tat'jana Vladimirovna |
| 942 ## - ДОПОЛНИТЕЛЬНЫЕ ЭЛЕМЕНТЫ ЗАПИСИ (АБИС) |
| Тип экземпляра АБИС |
Книга |
| 980 ## - КОЛЛЕКЦИЯ |
| Название коллекции |
Национальная библиография |